Managing construction projects: a guide to processes and procedures (Record no. 94463)

MARC details
000 -LEADER
fixed length control field 00624cam a2200205 4500
001 - CONTROL NUMBER
control field D1137
008 - FIXED-LENGTH DATA ELEMENTS--GENERAL INFORMATION
fixed length control field 090401t1984 xxu||||| |||| 00| 0 eng d
035 ## - SYSTEM CONTROL NUMBER
System control number (Sirsi) u62651
041 ## - LANGUAGE CODE
Language code of text/sound track or separate title eng
050 ## - LIBRARY OF CONGRESS CALL NUMBER
Classification number 658.404
100 ## - MAIN ENTRY--PERSONAL NAME
Personal name Austen, A.D.
245 ## - TITLE STATEMENT
Title Managing construction projects: a guide to processes and procedures
260 ## - PUBLICATION, DISTRIBUTION, ETC.
Place of publication, distribution, etc. Geneva
Name of publisher, distributor, etc. International Labour Office
Date of publication, distribution, etc. 1984
300 ## - PHYSICAL DESCRIPTION
Extent xii. 158p. 24cm
350 ## - PRICE (NR) (BK AM CF MU VM SE) [OBSOLETE]
Price 8.55
520 ## - SUMMARY, ETC.
Summary, etc. Guide developed under a technical co-operation programme with the Swedish International Development Authority
700 ## - ADDED ENTRY--PERSONAL NAME
Personal name Neale, R.H.
942 ## - ADDED ENTRY ELEMENTS (KOHA)
Suppress in OPAC 0
948 ## - LOCAL PROCESSING INFORMATION (OCLC); SERIES PART DESIGNATOR (RLIN)
c (OCLC) 04/03/1997
Holdings
Withdrawn status Lost status Source of classification or shelving scheme Damaged status Not for loan Home library Current library Shelving location Date acquired Cost, normal purchase price Total Checkouts Full call number Barcode Date last seen Date last checked out Copy number Cost, replacement price Price effective from Koha item type
    Dewey Decimal Classification     London London Basement 14/09/1999 8.55 1 SHELF 203 30019492 06/08/2019 15/09/1999 1 8.55 06/08/2019 Book